[Event "Oberliga Nord O9899"]
[Site "GER"]
[Date "1999.??.??"]
[Round "?"]
[White "Urban, Hans Rainer"]
[Black "Kuhne, Detlev"]
[Result "1/2-1/2"]
[WhiteElo "2180"]
[BlackElo "2180"]

1.Nf3 d5 2.g3 c6 3.b3 Bf5 4.Bb2 Nd7 5.Bg2 Ngf6 6.d3 h6 7.Nbd2 e6 8.O-O Be7
9.Re1 O-O 10.c4 a5 11.e4 dxe4 12.dxe4 Bg4 13.h3 Bxf3 14.Qxf3 Nc5 15.Nf1 Qc7
16.Rad1 Rfd8 17.e5 Ne8 18.Qe2 Rxd1 19.Rxd1 Rd8 20.Ne3 Rxd1+ 21.Qxd1 Qd8 22.Qxd8 Bxd8
23.Bf1 Nc7 24.Kg2 N7a6 25.Nc2 Kf8 26.Be2 Ke8 27.f4 g6 28.Kf3 h5 29.g4 hxg4+
30.hxg4 Be7 31.Bc3 Bd8 32.Be1 Nd7 33.Bc3 Bc7 34.g5 Bb6 35.Be1 Kd8 36.Bc3 Nc7
37.Bd2 Ne8 38.Bc3 Ng7 39.Nd4 Kc7 40.Bd1 Bxd4 41.Bxd4 c5 42.Bc3 b6 43.a3 Nb8
44.b4 axb4 45.axb4 Nc6 46.bxc5 bxc5 47.Ke4 Nf5 48.Be1 Kb6 49.Bf2 Ng7 50.Kd3 Nf5
51.Ba4 Ng7  1/2-1/2

[Event "Oberliga Nord O9899"]
[Site "GER"]
[Date "1999.??.??"]
[Round "?"]
[White "Urban, Hans Rainer"]
[Black "Barth, Rainer"]
[Result "1/2-1/2"]
[WhiteElo "2180"]
[BlackElo "2265"]

1.Nf3 d5 2.g3 c6 3.Bg2 Nf6 4.b3 Bg4 5.Bb2 e6 6.Ne5 Bf5 7.d3 Nbd7 8.Nxd7 Qxd7
9.Nd2 Be7 10.e4 dxe4 11.dxe4 Bg4 12.f3 Bh5 13.Qe2 Bb4 14.O-O-O O-O-O 15.Nc4 Qe7
16.a3 Bc5 17.b4 Bb6 18.Nxb6+ axb6 19.Qe3 c5 20.bxc5 bxc5 21.g4 Bg6 22.h4 h6
23.h5 Bh7 24.Rxd8+ Rxd8 25.Rd1 Rxd1+ 26.Kxd1 e5 27.Bf1 Nd7 28.Bb5 f6 29.Qd2 Bg8
30.Qxd7+ Qxd7+ 31.Bxd7+ Kxd7 32.Kd2 Bc4 33.Ke3 Ba2 34.Kd2  1/2-1/2

[Event "Oberliga Nord O9899"]
[Site "GER"]
[Date "1999.??.??"]
[Round "?"]
[White "Reichenbach, Werner"]
[Black "Richter, Michael"]
[Result "1-0"]
[WhiteElo "2280"]
[BlackElo "2325"]

1.Nf3 d5 2.g3 Nf6 3.Bg2 c5 4.O-O Nc6 5.c4 e5 6.cxd5 Nxd5 7.Nc3 Nc7 8.d3 Be7
9.Nd2 O-O 10.Nc4 f6 11.f4 Be6 12.f5 Bf7 13.Bxc6 bxc6 14.Be3 Nd5 15.Bd2 Qd7
16.Qe1 Nb4 17.Ne3 Qd4 18.Rf2 Rfd8 19.b3 a5 20.Qc1 Qd7 21.Nc4 Qc7 22.a3 Nd5
23.Na4 g6 24.e4 gxf5 25.exd5 cxd5 26.Ne3 d4 27.Nxf5 Bxb3 28.Nxe7+ Qxe7 29.Qxc5 Qe6
30.Nb6 Ra6 31.Bxa5 e4 32.Raf1 Rf8 33.Bb4 Rf7 34.Qc8+ Qxc8 35.Nxc8 e3 36.Rf4 Rc6
37.Ne7+ Rxe7 38.Bxe7 Rc2 39.Rxd4 Be6 40.g4  1-0

[Event "NB-chA"]
[Site "GER"]
[Date "1999.??.??"]
[Round "7"]
[White "Wimmer, Alfred"]
[Black "Singer, Christoph"]
[Result "1/2-1/2"]
[WhiteElo "2121"]
[BlackElo "2245"]

1.Nf3 d5 2.g3 c6 3.Bg2 Bf5 4.b3 h6 5.c4 e6 6.Bb2 Nf6 7.O-O Nbd7 8.d3 Be7
9.Nbd2 O-O 10.a3 a5 11.Qc2 Bh7 12.Bc3 Qb6 13.Qb2 c5 14.cxd5 exd5 15.d4 Rfd8
16.dxc5 Nxc5 17.Bd4 Qb5 18.Bh3 Ne6 19.Bc3 Qxe2 20.Rfe1 Qa6 21.Nd4 Rd6 22.b4 Re8
23.b5 Qb6 24.Nxe6 Rxe6 25.Bxe6  1/2-1/2

[Event "GER-ch 11th Seniors"]
[Site "Germany"]
[Date "1999.??.??"]
[Round "?"]
[White "Nagorni, Walter"]
[Black "Behle, Karl Willi"]
[Result "1/2-1/2"]
[WhiteElo "1895"]
[BlackElo "2285"]

1.Nf3 d5 2.g3 c6 3.Bg2 Bg4 4.d3 Nd7 5.Nbd2 e6 6.h3 Bh5 7.O-O Ngf6 8.c3 Be7
9.Re1 O-O 10.e4 dxe4 11.dxe4 Nc5 12.Qc2 Qd3 13.Qxd3 Nxd3 14.Re3 Rfd8 15.Bf1 Nxc1
16.Rxc1 Bc5 17.Ree1 Bb6 18.e5 Nd5 19.g4 Bg6 20.Ne4 Nf4 21.Nh4 Bxe4 22.Rxe4 Nd3
23.Rc2 h6 24.Bxd3 Rxd3 25.Kg2 Rad8 26.Nf3 Rd1 27.Re1 Rxe1 28.Nxe1 Kf8 29.Nf3  1/2-1/2

[Event "GER-ch 11th Seniors"]
[Site "Germany"]
[Date "1999.??.??"]
[Round "?"]
[White "Heemsoth, Hermann"]
[Black "Fischer, Ernst"]
[Result "1/2-1/2"]
[WhiteElo "1995"]
[BlackElo "2195"]

1.Nf3 d5 2.g3 Nf6 3.Bg2 Bg4 4.c4 c6 5.b3 Nbd7 6.cxd5 cxd5 7.Bb2 e6 8.O-O Bd6
9.d3 O-O 10.Nbd2 Qe7 11.h3 Bxf3 12.Nxf3 Ba3 13.Qd2 Bb4 14.Qf4 Bd6 15.Qh4 Rfc8  1/2-1/2

[Event "GER-ch 11th Seniors"]
[Site "Germany"]
[Date "1999.??.??"]
[Round "?"]
[White "Reichenbach, Werner"]
[Black "Gelzenleichter, Siegfried"]
[Result "1/2-1/2"]
[WhiteElo "2280"]
[BlackElo "2015"]

1.Nf3 d5 2.g3 Bg4 3.Bg2 e6 4.O-O Nd7 5.c4 c6 6.b3 Ngf6 7.Bb2 Bd6 8.d3 O-O
9.Nbd2 Qe7 10.a3 a5 11.Qc2 e5 12.h3 Bh5 13.e4 Bxf3 14.Nxf3 dxe4 15.dxe4 Bc5
16.Kh1 g6 17.Rfe1 Nh5 18.Re2 f6 19.h4 Rfd8 20.Bh3 Nf8 21.Bg4 Ng7 22.h5 Nge6
23.Ra2 Nd4 24.Bxd4 Bxd4 25.Nh4 Kg7 26.Qc1 Ne6 27.Kg2 Bc5 28.hxg6 hxg6 29.Bf5 g5  1/2-1/2

[Event "SWZ-ch"]
[Site "Graechen"]
[Date "1999.??.??"]
[Round "?"]
[White "Moor, Roger"]
[Black "Kaenel, Hansjuerg"]
[Result "1/2-1/2"]
[WhiteElo "2324"]
[BlackElo "2402"]

1.Nf3 d5 2.g3 c5 3.Bg2 e6 4.O-O Nf6 5.b3 Be7 6.Bb2 O-O 7.c4 b6 8.e3 Bb7 9.Qe2 Nbd7
10.Nc3 Rc8 11.Rfd1 Qc7 12.Rac1 Rfd8 13.d3 a6 14.Ne1 dxc4 15.bxc4 Bxg2 16.Kxg2 b5
17.Kg1 bxc4 18.dxc4 Nb6 19.e4 Rxd1 20.Rxd1 Rd8 21.Rxd8+ Bxd8 22.Ng2 Nfd7
23.Ne3 Bf6 24.Ncd1 Bd4 25.Nc2 Bxb2 26.Nxb2 Qe5 27.Ne1 Qc3 28.Nf3 h6 29.Kg2 Qa3
30.Nd1 Qc1 31.Ne3 Qb1 32.e5 Qe4 33.Qb2 Nxc4 34.Nxc4 Qxc4 35.Qb7 Qd5 36.Qb3 a5
37.Kf1 c4 38.Qc3 Nb6 39.Kg2 Na4 40.Qd4 Qc6 41.Qd8+ Kh7 42.Qd6 Qe4 43.Qd4 Qd5
44.Qd2 g5 45.h3 Kg7 46.g4 Qxd2 47.Nxd2 Nb2 48.Kf3 a4 49.Ne4 Nd3 50.Ke3 Nxe5
51.Nc3 a3 52.Nb5 Nc6 53.Nxa3 Nb4 54.Nxc4 Nxa2 55.Ne5 Nc3 56.Nf3 Kf6 57.Kd3 Nb5
58.Ke4 Nc3+ 59.Kd3 Nd5 60.Ke4 Nf4 61.h4 Ng6 62.hxg5+ hxg5 63.Kd4 Nh4 64.Nd2 Ke7
65.Ke4 Ng6 66.Nf3 f6 67.Nd2 Ne5 68.f3 Kd6 69.Nf1 Kc5 70.Ng3 Kd6 71.Nf1 Nd7
72.Ng3 Nc5+ 73.Kd4 e5+ 74.Ke3 Kd5 75.Nh5 Ke6 76.Ng3 Nd7 77.Ke4 Nb6 78.Nh5 Nc8
79.Ng7+ Kf7 80.Nf5 Ne7 81.Ng3 Ke6 82.Kd3 Nc8 83.Ne4 Nd6 84.Ng3 Kd5 85.Ne4 Ne8
86.Kc3 Ke6 87.Kd3 Nc7 88.Ng3 Nb5 89.Nh5 Nd4 90.Ke3 Kf7 91.Ng3 Ne6 92.Ke4 Nf4
93.Nf5 Ng6 94.Nd6+ Ke6 95.Nf5 Nh4 96.Ng7+ Kf7 97.Nh5 Ke7 98.Ng7 Kf8 99.Nh5 Kf7
100.Ng3 Ke6 101.Nf1 f5+ 102.gxf5+ Nxf5 103.Nd2 Nd6+ 104.Kd3 Kf5 105.Ke3 Ke6
106.Kd3 Kf6 107.Ke3 Kf5 108.Nf1 Nc4+ 109.Kf2 Kf4 110.Ng3 Nd6 111.Ne2+ Kf5
112.Ke3 Ke6 113.Nc3 Kf5 114.Ne2 Nc4+ 115.Kf2 g4 116.Ng3+ Kg5 117.fxg4 Kxg4
118.Ne4 Kf4 119.Nc5 Nb2 120.Ke2 Kf5 121.Nd7 e4 122.Nc5  1/2-1/2

[Event "Gyongyos op"]
[Site "Gyongyos"]
[Date "1999.??.??"]
[Round "5"]
[White "Vajda, Albert"]
[Black "Hajnal, Zoltan"]
[Result "1-0"]
[WhiteElo "2355"]
[BlackElo "2300"]

1.Nf3 d5 2.g3 Nf6 3.Bg2 Bf5 4.O-O e6 5.d3 Be7 6.Nbd2 h6 7.c4 c6 8.b3 O-O
9.Bb2 Nbd7 10.h3 a5 11.a3 Bh7 12.Qb1 Qc7 13.Rc1 Qb6 14.e3 Rfd8 15.Bf1 Rac8
16.Bc3 Qa6 17.Qb2 Nc5 18.Ne1 dxc4 19.dxc4 Nd3 20.Nxd3 Bxd3 21.Bxd3 Rxd3 22.Nf1 c5
23.Qe2 Rdd8 24.e4 a4 25.bxa4 Qxa4 26.Rcb1 Qc6 27.e5 Nd7 28.a4 b6 29.Rb5 Ra8
30.Nd2 Ra7 31.Nb3 Rda8 32.a5 Bd8 33.axb6 Rxa1+ 34.Bxa1 Bxb6 35.Bc3 Rb8 36.Nd2 Bc7
37.Rxb8+ Bxb8 38.f4 Kf8 39.Qd3 Qa4 40.Ne4 Ke7 41.Be1 Nb6 42.Bf2 Qxc4 43.Bxc5+ Ke8
44.Nd6+ Bxd6 45.Qxd6 Qc1+ 46.Kf2 Qb2+ 47.Kf3 Nd5 48.Qf8+ Kd7 49.Qxf7+ Kc6
50.Bd6 Qb3+ 51.Kg4 Ne3+ 52.Kh5 Nf5 53.Qc7+ Kd5 54.Qc5+ Ke4 55.Qc6+ Ke3 56.Bc5+ Kd2
57.Qg2+ Kc1 58.Qg1+ Kd2 59.g4 Qxh3+ 60.Kg6 Nh4+ 61.Kxg7 Ng2 62.Qd4+ Kc2 63.Qc4+ Kb2
64.Bd4+ Ka3 65.Qxe6 Nxf4 66.Qe7+ Ka4 67.Qe8+ Ka5 68.Qd8+ Kb5 69.Qb6+ Ka4
70.Qc6+ Kb4 71.Bc5+ Kc3 72.Be3+ Kd3 73.Bxf4 Qxg4+ 74.Qg6+ Qxg6+ 75.Kxg6  1-0

[Event "HUN-chT9899"]
[Site "HUN"]
[Date "1999.??.??"]
[Round "?"]
[White "Kustar, Sandor"]
[Black "Madl, Ildiko"]
[Result "1/2-1/2"]
[WhiteElo "2390"]
[BlackElo "2410"]

1.Nf3 d5 2.g3 c6 3.Bg2 Bf5 4.d3 Nf6 5.Nbd2 h6 6.b3 e6 7.Bb2 Bd6 8.Nh4 Bh7
9.e4 Nbd7 10.Qe2 dxe4 11.dxe4 Be5 12.O-O-O Qc7 13.c3 O-O-O 14.Nhf3 Nb6 15.Rhe1 Rd7
16.Nd4 Rhd8 17.N2f3 Bxd4 18.Nxd4 e5 19.Nf5 Rxd1+ 20.Rxd1 Rxd1+ 21.Qxd1 Bxf5
22.exf5 Qe7 23.c4 Nbd7 24.Qe2 Qd6 25.h4 Nc5 26.Kc2 e4 27.Bc3 Kd7 28.Bf1 Nd3
29.Qd2 Qa3 30.Bxd3 Qxa2+ 31.Bb2 exd3+ 32.Qxd3+ Ke7 33.Qe3+ Kd7 34.Qd4+ Kc7
35.Qe5+ Kd7 36.g4 a5 37.g5 hxg5 38.hxg5 Ne8 39.Qb8 a4 40.Qxb7+ Nc7 41.Qb4 Qxb3+
42.Qxb3 axb3+ 43.Kxb3 g6 44.fxg6 fxg6 45.Be5 Ne6 46.f4 Nc5+ 47.Kb4 Nb7 48.Kc3 Ke6
49.Bc7 Nc5 50.Kd4 Nb3+ 51.Ke4 Nc5+ 52.Ke3 Kf5 53.Bd6 Ne6 54.Bb8 Nc5 55.Bd6  1/2-1/2

[Event "HUN-chT9899"]
[Site "HUN"]
[Date "1999.??.??"]
[Round "?"]
[White "Hardicsay, Peter"]
[Black "Salamon, Ferenc"]
[Result "1-0"]
[WhiteElo "2320"]
[BlackElo "2045"]

1.Nf3 d5 2.g3 f5 3.Bg2 Nf6 4.d3 e6 5.Nbd2 Bd6 6.c4 c6 7.Qc2 Na6 8.a3 Bd7
9.e4 fxe4 10.dxe4 Bc5 11.O-O O-O 12.b4 Bb6 13.Bb2 Be8 14.Rae1 Bg6 15.Ne5 Bh5
16.c5 Bc7 17.f4 Nd7 18.Nef3 h6 19.Bh3 Re8 20.Nd4 Bf7 21.exd5 exd5 22.Ne6 Bxe6
23.Bxe6+ Rxe6 24.Rxe6 Nf8 25.Re2 Qd7 26.Rfe1 Bd8 27.Nf3 Nc7 28.Ne5 Qh3 29.Ng6 Nd7
30.Ne7+  1-0

[Event "HUN-chT9899"]
[Site "HUN"]
[Date "1999.??.??"]
[Round "?"]
[White "Kustar, Sandor"]
[Black "Meszaros, Gyula"]
[Result "1-0"]
[WhiteElo "2390"]
[BlackElo "2305"]

1.Nf3 d5 2.g3 Nd7 3.d4 c6 4.Nbd2 e6 5.c4 f5 6.Bg2 Bd6 7.Qc2 Qf6 8.Nf1 Ne7
9.Bf4 Bb8 10.N1d2 O-O 11.Rc1 h6 12.h4 a5 13.e3 e5 14.dxe5 Nxe5 15.Nxe5 Bxe5
16.Bxe5 Qxe5 17.O-O dxc4 18.Nxc4 Qc5 19.Rfd1 Be6 20.Rd6 Rf6 21.Rd2 b5 22.Na3 Qxc2
23.Rdxc2 Ra6 24.b3 Bd5 25.Rd2 Bxg2 26.Kxg2 Kf7 27.Rc5 g6 28.Rd7 Re6 29.Nc2 Ke8
30.Rb7 a4 31.b4 a3 32.Nd4 Re4 33.Kf3 Rxd4 34.exd4 Nd5 35.Rbxb5 cxb5 36.Rxd5 Rb6
37.h5 Kf7 38.Rd7+ Ke6 39.Rg7 Kd5 40.Rxg6 Rb8 41.Rxh6 Kc4 42.Ra6 Kxb4 43.h6 Rh8
44.Kf4 Kc4 45.Rxa3 Rxh6 46.Kxf5 Rh8 47.f4 Rf8+ 48.Ke4 Re8+ 49.Kf3 Kxd4 50.Rb3 Kc4
51.f5 b4 52.g4 Re1 53.Rb2 Kc3 54.Rf2  1-0

[Event "HUN-chT9899"]
[Site "HUN"]
[Date "1999.??.??"]
[Round "?"]
[White "Kustar, Sandor"]
[Black "Salamon, Ferenc"]
[Result "1-0"]
[WhiteElo "2390"]
[BlackElo "2045"]

1.Nf3 d5 2.g3 f5 3.d3 Nf6 4.Bg2 e6 5.Nbd2 Bc5 6.e3 c6 7.Qe2 Qe7 8.e4 fxe4
9.dxe4 Na6 10.a3 Bd7 11.b4 Bb6 12.Bb2 Nc7 13.c4 a6 14.O-O O-O 15.c5 Ba7 16.Be5 Nce8
17.Bf4 Bb8 18.Ne5 dxe4 19.Bxe4 Nxe4 20.Nxe4 Nf6 21.Nxd7 Qxd7 22.Rad1 Nd5
23.Bxb8 Raxb8 24.Rd3 Qe7 25.Re1 h6 26.Rd4 Kh7 27.h4 g6 28.Qc2 Kg7 29.Nd6 Rf6
30.Rg4 h5 31.Rg5 Rbf8 32.Re2 Qd7 33.Nc4 Ne7 34.Ne5 Qe8 35.Qb2 Kh7 36.Qd4 Nd5
37.f4 Rg8 38.Nf3 Qe7 39.Rge5 Nc7 40.Ng5+ Kh6 41.Qe3 Rd8 42.Ne4 Rd1+ 43.Re1 Rxe1+
44.Qxe1 Rf5 45.Nd6 Rxe5 46.Qxe5 Kh7 47.Nxb7 Nb5 48.Nd6 Nxa3 49.f5 gxf5 50.Nxf5 Qf7
51.Nd4 Qg6 52.Nxe6 Nc4 53.Nf8+  1-0

[Event "HUN-chT9899"]
[Site "HUN"]
[Date "1999.??.??"]
[Round "?"]
[White "Almasi, Zoltan"]
[Black "Acs, Peter"]
[Result "0-1"]
[WhiteElo "2650"]
[BlackElo "2500"]

1.Nf3 d5 2.g3 Nf6 3.Bg2 c6 4.O-O Bg4 5.c4 e6 6.cxd5 exd5 7.d3 Nbd7 8.Qc2 Bd6
9.e4 O-O 10.Nc3 Re8 11.h3 Bh5 12.Nh4 Bf8 13.f4 d4 14.Nb1 Nc5 15.g4 Bxg4 16.hxg4 Nxg4
17.Nf3 Nxe4 18.dxe4 d3 19.Qb3 Bc5+ 20.Kh1 Rxe4 21.Ng5 Re7 22.Nc3 h6 23.Nf3 Qd7
24.Qd1 Qf5 25.Nh2 Re2 26.Qxd3 Qxd3 27.Nxg4 Rc2 28.Rf3 Qg6 29.Rg3 f5  0-1

[Event "HUN-chT29899"]
[Site "HUN"]
[Date "1999.??.??"]
[Round "?"]
[White "Forgacs, Jozsef"]
[Black "Lazar, Janos"]
[Result "1/2-1/2"]
[WhiteElo "2345"]
[BlackElo "2200"]

1.Nf3 d5 2.g3 c6 3.Bg2 Bg4 4.c4 e6 5.O-O Nd7 6.b3 Be7 7.Bb2 Bf6 8.d4 Bxf3
9.Bxf3 Be7 10.Nd2 Ngf6 11.e4 dxe4 12.Nxe4 Nxe4 13.Bxe4 Nf6 14.Bg2 O-O 15.Qc2 Qc7
16.Rac1 Rac8 17.Rfd1 Rfd8 18.Bc3 Rd7 19.Qb2 Qd8 20.Qe2 Qf8 21.Rd3 Bb4 22.Ba1 Be7
23.Rcd1 Rcd8 24.h4 Ne8 25.d5 cxd5 26.cxd5 exd5 27.Bxd5 Nf6 28.Bg2 Rxd3 29.Rxd3 b6
30.Rxd8 Qxd8 31.Qf3 Ne8 32.Be5 Bd6 33.Qd5 Qb8 34.Bd4 Bf8 35.Qa8 Qxa8 36.Bxa8 Bd6
37.Kf1 Nc7 38.Be4 g6 39.Ke2 Kf8 40.Bf6 Ke8 41.Bc6+ Kf8 42.Kd3 Na6 43.Bc3 Bc5
44.Be1 Nb4+  1/2-1/2

[Event "HUN-chT9899"]
[Site "HUN"]
[Date "1999.??.??"]
[Round "?"]
[White "Marton, Jozsef"]
[Black "Jamrich, Gyorgy"]
[Result "0-1"]
[WhiteElo "2155"]
[BlackElo "2310"]

1.Nf3 d5 2.g3 c5 3.c4 d4 4.b4 cxb4 5.a3 bxa3 6.Bg2 Nc6 7.Bxa3 e5 8.Bxf8 Kxf8
9.O-O e4 10.Ne1 Nf6 11.d3 Bf5 12.dxe4 Bxe4 13.Qb3 Bxg2 14.Nxg2 Qe7 15.e3 h5
16.Na3 dxe3 17.fxe3 Ng4 18.c5 Rh6 19.Nb5 Rf6 20.Nd6 b6 21.Qd5 bxc5 22.Qxh5 Nh6
23.Nf5 Qe5 24.Ngh4 Ne7 25.Nxg7 Qxe3+ 26.Kg2 Qd2+ 27.Kh3 Qd7+ 28.Kg2 Qc6+
29.Kg1 Kxg7  0-1

[Event "HUN-chT29899"]
[Site "HUN"]
[Date "1999.??.??"]
[Round "?"]
[White "Herpai, Jozsef"]
[Black "Kulcsar, Miklos"]
[Result "1-0"]
[WhiteElo "2230"]
[BlackElo "2050"]

1.Nf3 d5 2.g3 Nf6 3.b3 Nbd7 4.Bb2 e6 5.c4 c6 6.Bg2 Bd6 7.d4 O-O 8.Nbd2 b6
9.O-O Bb7 10.e3 c5 11.Ne5 Qc7 12.cxd5 Bxd5 13.e4 Bb7 14.Nxd7 Nxd7 15.Rc1 Qb8
16.Nc4 Be7 17.dxc5 Nxc5 18.b4 Na6 19.Qg4 g6 20.a3 Qe8 21.Rfd1 Rd8 22.Qf4 f6
23.Nd6 e5 24.Nxe8 Rxd1+ 25.Rxd1 exf4 26.Rd7 Rxe8 27.Rxb7 fxg3 28.hxg3 Bd8
29.Rxa7 Nc7 30.a4 f5 31.e5 Re7 32.Bd4 Ne6 33.Bxb6 Kf7 34.Rxe7+ Bxe7 35.a5 Nf8
36.Bd5+ Ke8 37.a6 Nd7 38.Bc6  1-0

[Event "Godal mem"]
[Site "HUN"]
[Date "1999.??.??"]
[Round "2"]
[White "Szecsenyi, Istvan"]
[Black "Sull, Gyula"]
[Result "0-1"]
[WhiteElo "2110"]
[BlackElo "2120"]

1.Nf3 d5 2.g3 c5 3.Bg2 Nc6 4.d4 Bg4 5.Ne5 Nxe5 6.dxe5 e6 7.c4 Ne7 8.Nc3 d4
9.Qa4+ Qd7 10.Nb5 Nc6 11.Bxc6 bxc6 12.Na3 Bh3 13.Nc2 Be7 14.b4 O-O 15.bxc5 Bxc5
16.Ba3 Bxa3 17.Qxa3 Rfd8 18.O-O-O Qc7 19.f4 c5 20.Ne1 Qb7 21.Nd3 Rab8 22.Kd2 Bf5
23.Rb1 Qg2 24.Rhg1 Qxh2 25.Rxb8 Rxb8 26.Qxa7 Rf8 27.Rb1 Bxd3 28.Kxd3 Qxg3+  0-1

[Event "Godal mem"]
[Site "HUN"]
[Date "1999.??.??"]
[Round "9"]
[White "Paal, Attila"]
[Black "Papista, Akos"]
[Result "0-1"]
[WhiteElo "2150"]
[BlackElo "2150"]

1.Nf3 d5 2.g3 c6 3.Bg2 Bg4 4.O-O e6 5.d4 Bd6 6.Nbd2 f5 7.Ne5 Nf6 8.Ndf3 Bxf3
9.Bxf3 Nbd7 10.Bf4 Qc7 11.Nxd7 Nxd7 12.Bxd6 Qxd6 13.c4 O-O 14.Qc2 g5 15.e3 Nf6
16.Rad1 Rf7 17.Bg2 g4 18.f4 gxf3 19.Bxf3 Raf8 20.Qc3 Rg7 21.Rd2 Kh8 22.b4 Rfg8
23.c5 Qc7 24.Rg2 h5 25.Kh1 Rg5 26.Rfg1 Ng4 27.Bxg4 Rxg4 28.Qd2 Qg7 29.a4 Qg5
30.b5 Re4 31.Re1 Qg4 32.Qe2 Qh3 33.Rf1 Reg4 34.Rf4 Rxg3 35.Rxg3 Rxg3 36.Qf2 Rxe3
37.Rh4 Qf3+  0-1

[Event "Kajaani We KaSY"]
[Site "Kajaani"]
[Date "1999.??.??"]
[Round "2"]
[White "Parkkinen, Jyrki"]
[Black "Martynov, Pavel"]
[Result "0-1"]
[WhiteElo "2146"]
[BlackElo "2455"]

1.Nf3 d5 2.g3 Bg4 3.Bg2 c6 4.b3 Nd7 5.Bb2 Ngf6 6.O-O Qc7 7.c4 e6 8.d4 Rd8
9.Nbd2 Be7 10.Qc2 Bf5 11.Qc3 h6 12.Rfe1 O-O 13.Rad1 Qb6 14.a3 Rc8 15.Ne5 Rfd8
16.e4 dxe4 17.Nxe4 Nxe5 18.Nxf6+ Bxf6 19.dxe5 Be7 20.b4 a5 21.bxa5 Qa7 22.Rd6 Bxd6
23.exd6 f6 24.c5 Ra8 25.Qc4 Qa6 26.Qxa6 Rxa6 27.Bc3 Kf8 28.Bf1 Ra7 29.Bc4 e5
30.f3 h5 31.Kg2 Rda8 32.g4 hxg4 33.fxg4 Bxg4 34.Re4 Bh5 35.Rh4 g6 36.Be6 Kg7
37.Rb4 Be2 38.Kf2 Ba6 39.h3 Rh8 40.a4 Raa8 41.Rb1 Rh4 42.Bg4 Kf7 43.Kg3 Rah8
44.Rb2 f5 45.Bxe5 fxg4 46.Bxh8 Rxh3+ 47.Kxg4 Rxh8 48.Rf2+ Ke6 49.Rd2 Kd7
50.Rf2 Bc4 51.Rc2 Bb3 52.Rb2 Be6+ 53.Kg5 Rh5+ 54.Kxg6 Rxc5 55.Rxb7+ Kxd6  0-1

[Event "Klatovy op-A"]
[Site "Klatovy"]
[Date "1999.??.??"]
[Round "3"]
[White "Kuba, Stanislav"]
[Black "Taborsky, Rostislav"]
[Result "1/2-1/2"]
[WhiteElo "2300"]
[BlackElo "2208"]

1.Nf3 d5 2.g3 c6 3.Bg2 Nf6 4.O-O Bg4 5.d4 e6 6.h3 Bh5 7.Bf4 Be7 8.Nbd2 O-O
9.c4 Nbd7 10.Rc1 Ne4 11.cxd5 Nxd2 12.Nxd2 exd5 13.g4 Bg6 14.e4 dxe4 15.Nxe4 Bxe4
16.Bxe4 Nf6 17.Bg2 Nd5 18.Be5 Rc8 19.Qb3 Qd7 20.Rc2 h6 21.Be4 g6 22.a3 Rfe8
23.Qd3 Bf8 24.f4 Bg7 25.Bxg7 Kxg7 26.f5 Rxe4 27.Qxe4 Re8 28.Qd3 Ne3 29.Re2 Nxf1
30.Rxe8 Qxe8 31.Kxf1  1/2-1/2

[Event "Klatovy op-A"]
[Site "Klatovy"]
[Date "1999.??.??"]
[Round "5"]
[White "Kuba, Stanislav"]
[Black "Miskovsky, Pavel"]
[Result "0-1"]
[WhiteElo "2300"]
[BlackElo "2216"]

1.Nf3 d5 2.g3 Nc6 3.d4 Bg4 4.Bg2 Qd7 5.Bf4 f6 6.Nbd2 g5 7.Be3 Bh3 8.Bxh3 Qxh3
9.c4 e6 10.Qa4 O-O-O 11.b4 Bxb4 12.Rb1 Bxd2+ 13.Kxd2 Nge7 14.c5 e5 15.Qb5 e4
16.Ne1 Kd7 17.Nc2 Rb8 18.a4 h6 19.a5 a6 20.Qa4 Rhf8 21.Rbf1 f5 22.f4 exf3
23.Rxf3 Rbe8 24.Rf2 Ng6 25.Rhf1 Re4 26.Qb3 Nce7 27.Ke1 Kc8 28.c6 Nxc6 29.Qxd5 Nge7
30.Qc5 Rd8 31.Rxf5 Nxf5 32.Rxf5 Ne7 33.Rf6 Nd5 34.Rf7 Qe6 35.Rh7 Rxe3 36.Nxe3 Qxe3
37.Qa7 Qc1+ 38.Kf2 Rf8+  0-1

[Event "SLO-ch U20"]
[Site "Kranj"]
[Date "1999.??.??"]
[Round "?"]
[White "Guid, Matej"]
[Black "Sebenik, Matej"]
[Result "1/2-1/2"]
[WhiteElo "2171"]
[BlackElo "2154"]

1.g3 d5 2.Nf3 g6 3.Bg2 Bg7 4.d4 Nf6 5.O-O O-O 6.c4 dxc4 7.Na3 c3 8.bxc3 c5
9.e3 Nc6 10.Qe2 Bf5 11.Rd1 Be4 12.Bb2 Qc7 13.c4 Nd7 14.Bh3 Bxf3 15.Qxf3 Rad8
16.Qe2 a6 17.d5 Bxb2  1/2-1/2

[Event "EU-ch02 blind "]
[Site "Krynica"]
[Date "1999.??.??"]
[Round "3"]
[White "Smirnov, Sergei"]
[Black "Wojcieszyn, Zdzislaw"]
[Result "1-0"]
[WhiteElo "2205"]
[BlackElo "2105"]

1.Nf3 d5 2.g3 Nf6 3.Bg2 Bf5 4.c4 e6 5.d3 Be7 6.Qb3 Na6 7.Qxb7 Nb4 8.Qb5+ c6
9.Qa4 dxc4 10.a3 Nfd5 11.axb4 Nxb4 12.O-O cxd3 13.exd3 O-O 14.Ne5 Qc7 15.Nxc6 Nxd3
16.Nxe7+ Qxe7 17.Nc3 Rab8 18.Qxa7 Qb4 19.Qa4 Qb6 20.Ne4 Nxc1 21.Raxc1 Qxb2
22.Rc4 Rfd8 23.Qa1 Qe2 24.Qc3 h6 25.Bf3 Qd3 26.Qxd3 Rxd3 27.Bg2 Rbd8 28.h3 R3d7
29.g4 Bg6 30.Rfc1 Kh7 31.Nc5 Rd2 32.Be4 Rb2 33.Bxg6+ Kxg6 34.Ne4 Rd3 35.Kg2 Ra2
36.R1c3 Rd1 37.h4 h5 38.Rg3 Rd7 39.gxh5+ Kh6 40.Rc8 g6 41.hxg6 fxg6 42.h5 gxh5
43.Nf6  1-0

[Event "Lenk op"]
[Site "Lenk"]
[Date "1999.??.??"]
[Round "5"]
[White "Foisor, Cristina Adela B"]
[Black "Kolly, Jacques"]
[Result "1/2-1/2"]
[WhiteElo "2370"]
[BlackElo "2167"]

1.Nf3 d5 2.g3 e6 3.Bg2 Bd6 4.O-O Nf6 5.d4 O-O 6.c4 c6 7.Qc2 Ne4 8.Nc3 f5
9.e3 Nd7 10.Ne2 g5 11.Ne1 g4 12.f3 gxf3 13.Nxf3 Qe8 14.Nf4 Ndf6 15.Rb1 b6
16.b3 Bb7 17.Nd3 Rc8 18.c5 Bb8 19.b4 Ba6 20.a4 Bc4 21.Re1 b5 22.Nde5 a6 23.Ra1 Qh5
24.Bb2 Ng4 25.Ra3 Bxe5 26.dxe5 Ng5 27.axb5 Bxb5 28.Bd4 Nxf3+ 29.Bxf3 Rc7
30.Qg2 Qg5 31.Be2 h5 32.Bxb5 axb5 33.Rea1 Rfc8 34.Kh1 Kf7 35.Qf3 Ke7 36.R1a2 Kd7
37.Qf4 Qg6 38.Ra8 Rxa8 39.Rxa8 Rc8 40.Ra7+ Rc7 41.Ra6 Nh6 42.Qh4 Nf7 43.Ra8 Rc8
44.Ra7+ Rc7 45.Rxc7+ Kxc7 46.Qe7+ Kc8 47.Qe8+ Kc7 48.h4 f4 49.gxf4 Qb1+ 50.Kh2 Qc2+
51.Kg3 Qg6+ 52.Kf2 Qc2+ 53.Kf1 Qc1+ 54.Ke2 Qc2+ 55.Ke1 Qc1+  1/2-1/2

[Event "POR-ch (Women)"]
[Site "Lisboa"]
[Date "1999.??.??"]
[Round "5"]
[White "Leite, Catarina"]
[Black "Carvalho, Alda"]
[Result "1-0"]
[WhiteElo "2035"]
[BlackElo "2060"]

1.Nf3 d5 2.g3 c5 3.Bg2 Nc6 4.d3 e5 5.O-O Bd6 6.c4 d4 7.Na3 Nge7 8.Nc2 O-O
9.a3 a5 10.b3 f5 11.Bd2 Ng6 12.b4 axb4 13.axb4 Rxa1 14.Qxa1 cxb4 15.Rb1 Qe7
16.Qb2 f4 17.Nxb4 fxg3 18.hxg3 Nxb4 19.Bxb4 Bxb4 20.Qxb4 Qf6 21.Rf1 Ne7 22.Qa5 Nc6
23.Qd2 h6 24.Qb2 Rf7 25.Qa2 Kh7 26.Qa8 Bf5 27.Nh4 g6 28.Bd5 Rg7 29.Rb1 Qe7
30.Rb5 Nd8 31.Rb6 Be6 32.Be4 Bf7 33.Qb8 Be8 34.Rd6 Nc6 35.Bxc6 bxc6 36.Rd8 Rg8
37.Nf3 e4 38.Nxd4 exd3 39.exd3 Qe1+ 40.Kg2 Rf8 41.Qb2 c5 42.Nf3 Qe7 43.Rc8 Qd7
44.Rxc5 Qxd3 45.Rc7+ Rf7 46.Ne5 Bc6+ 47.Rxc6 Qe4+ 48.f3 Rxf3 49.Nxf3 Qxc6
50.Qe2 g5 51.Qe7+ Kg6 52.Qd7 Qe4 53.Qc6+ Kf5 54.Qxe4+ Kxe4 55.g4 Kf4 56.c5 h5
57.c6 hxg4 58.Nxg5  1-0

[Event "Copa Union de Reyes 4th"]
[Site "Matanzas"]
[Date "1999.??.??"]
[Round "3"]
[White "Dominguez, Jose M"]
[Black "Perez, Rodney"]
[Result "0-1"]
[WhiteElo "2325"]
[BlackElo "2405"]

1.Nf3 d5 2.g3 Nf6 3.Bg2 e6 4.O-O Be7 5.d3 O-O 6.Nbd2 c5 7.e4 Nc6 8.Re1 b5
9.e5 Nd7 10.Nf1 a5 11.h4 b4 12.Bf4 Ba6 13.N1h2 a4 14.Ng5 Qe8 15.Bh3 Kh8 16.c3 a3
17.bxa3 bxa3 18.Rc1 d4 19.Bg2 Bb5 20.Be4 Bxg5 21.hxg5 Ne7 22.Qg4 Bc6 23.Bxc6 Nxc6
24.Kg2 Qb8 25.Rb1 Qc7 26.Nf3 Rfb8 27.Rbc1 Nf8 28.Rh1 Ne7 29.g6 Nexg6 30.Ng5 Rb2
31.Qh5 Qb7+ 32.Kg1 h6 33.Ne4 Nxf4 34.gxf4 Rb1 35.Kg2 Rxc1 36.Rxc1 Ng6 37.Kg3 Qb2
38.Rh1 Kg8 39.Nd6 Ra7 40.f5 exf5 41.e6 Qb8 42.exf7+ Kh7 43.f8=Q Qxf8 44.Nc4 Qb8+
45.Kf3 Qf4+ 46.Kg2  0-1

[Event "Mendrisio op"]
[Site "Mendrisio"]
[Date "1999.??.??"]
[Round "2"]
[White "Arquint, Andri"]
[Black "Salvetti, Alec"]
[Result "1-0"]
[WhiteElo "2095"]
[BlackElo "2280"]

1.Nf3 d5 2.g3 c6 3.Bg2 Nf6 4.O-O Bf5 5.d3 h6 6.Nbd2 e6 7.Qe1 Bh7 8.e4 dxe4
9.dxe4 Nbd7 10.a3 Nc5 11.Ne5 Qc7 12.f4 Be7 13.b3 Rd8 14.Bb2 O-O 15.Nec4 b5
16.Ne5 Nfd7 17.Rc1 Bf6 18.Nxd7 Bxb2 19.Nxc5 Bd4+ 20.Kh1 Bxc5 21.b4 Be7 22.Qe2 c5
23.c3 e5 24.f5 Bg5 25.Rc2 cxb4 26.axb4 Bxd2 27.Rxd2 Rxd2 28.Qxd2 Rc8 29.Rd1 g6
30.Qxh6 gxf5 31.Qg5+ Kf8 32.exf5 Qxc3 33.Qh6+ Ke7 34.Qxh7 Qxb4 35.f6+ Kxf6
36.Rf1+ Ke6 37.Bh3+  1-0

[Event "Fide Mercenarios 39th"]
[Site "Mexico"]
[Date "1999.??.??"]
[Round "6"]
[White "Ten Kate, Adrian"]
[Black "Acevedo, Armando"]
[Result "1/2-1/2"]
[WhiteElo "2180"]
[BlackElo "2265"]

1.Nf3 d5 2.g3 c6 3.Bg2 Bf5 4.d4 Nf6 5.Nbd2 Nbd7 6.O-O e6 7.Nh4 Bd6 8.c4 O-O
9.Nxf5 exf5 10.Qb3 Qb6 11.Qd3 Qa6 12.Qxf5 dxc4 13.Ne4 Be7 14.Bd2 Rad8 15.Bc3 Nd5
16.Nd2 g6 17.Qc2 f5 18.Rfe1 N7f6 19.e4 fxe4 20.Nxe4 Rde8 21.a3 b5 22.Qd2 Qc8
23.Re2 Nxe4 24.Rxe4 Bf6 25.Rae1 Rxe4 26.Rxe4 Re8 27.Qe2 Rxe4 28.Qxe4 Qd7
29.Bf3 Qe7 30.Qxe7 Bxe7 31.Kf1  1/2-1/2

[Event "Mondariz-B"]
[Site "Mondariz"]
[Date "1999.??.??"]
[Round "7"]
[White "Stefanova, Antoaneta"]
[Black "Bueno Abalo, Manuel"]
[Result "1-0"]
[WhiteElo "2440"]
[BlackElo "2175"]

1.Nf3 d5 2.g3 Bg4 3.Bg2 e6 4.b3 Bd6 5.Bb2 Bxf3 6.exf3 Nf6 7.f4 Nbd7 8.O-O c6
9.d3 Qc7 10.Nd2 h5 11.h4 O-O-O 12.c4 Ng4 13.Nf3 f6 14.Nd4 Rde8 15.f5 Bxg3
16.fxg3 Qxg3 17.Nf3 exf5 18.cxd5 cxd5 19.Bd4 Nde5 20.Bxa7 g5 21.Qc2+ Kd7
22.Qc5 Ke6 23.hxg5 h4 24.g6 Nxg6 25.Nd4+ Kf7 26.Qxd5+ Kf8 27.Bc5+ Ne7 28.Qd6 Qe3+
29.Kh1 Kf7 30.Nxf5 Nxf5 31.Qd5+ Qe6 32.Rxf5 h3 33.Be4 Rc8 34.Raf1 Qxd5 35.Bxd5+ Kg7
36.Bxb7 Rcd8 37.Rg1 Kg6 38.Be4 Rh4 39.Rd5+ f5 40.Bxf5+ Kf6  1-0